Implementácia environmentálneho manažérskeho systému vo Východoslovenskej vodárenskej spoločnosti, a.s. bakalárska práca

Na minha lista:
Detalhes bibliográficos
Autor principal: Bakšová, Andrea
Autor Corporativo: Podnikovohospodárska fakulta EU so sídlom v Košiciach. Katedra marketingu a obchodu
Outros Autores: Urblíková, Daniela
Formato: Livro
Idioma:eslovaco
Publicado em: Košice 2009
Tags: Adicionar Tag
Sem tags, seja o primeiro a adicionar uma tag!

MARC

LEADER 00000nam$a2200000$$$4500
001 0106395
005 20240319131736.1
041 0 |a slo 
044 |a SK 
245 1 0 |a Implementácia environmentálneho manažérskeho systému vo Východoslovenskej vodárenskej spoločnosti, a.s.  |b bakalárska práca  |c Andrea Bakšová ; škol. Daniela Urblíková 
264 1 |a Košice  |c 2009 
300 |a 50 s. 
100 1 |a Bakšová, Andrea 
700 1 |a Urblíková, Daniela 
710 2 |a Podnikovohospodárska fakulta EU so sídlom v Košiciach. Katedra marketingu a obchodu